000 00713cam a22002413a 4500
001 41713
003 PGUSA
005 20140828083936.0
008 121227s2012||||xxu|||||s|||||000 | eng d
040 _aPGUSA
_beng
042 _adc
050 4 _aPN
245 1 0 _aQuips and Quiddities :
_bA Quintessence of Quirks, Quaint, Quizzical, and Quotable
_h[electronic resource]
260 _bProject Gutenberg,
_c2012
506 _aPublic domain in the USA.
516 _aElectronic text
653 _aQuotations, English
653 _aCommonplace books
700 1 _aAdams, William Davenport,
_d1851-1904
830 0 _aProject Gutenberg
_v41713
856 4 0 _uhttp://www.gutenberg.org/ebooks/41713
942 _cEB
999 _c270965
_d270965